Telephoning in English /
Kaydedildi:
| Yazar: | |
|---|---|
| Diğer Yazarlar: | |
| Materyal Türü: | Sách giấy |
| Dil: | English |
| Baskı/Yayın Bilgisi: |
Cambridge :
Cambridge University Press,
2004.
|
| Edisyon: | 3rd ed. |
| Konular: | |
| Etiketler: |
Etiketle
Etiket eklenmemiş, İlk siz ekleyin!
|
| Thư viện lưu trữ: | Thư viện Trường Đại học Đà Lạt |
|---|
| LEADER | 00856nam a2200349 4500 | ||
|---|---|---|---|
| 001 | DLU170181006 | ||
| 005 | ##20170918 | ||
| 020 | # | # | |a 9780521539111 |
| 040 | # | # | |a DLU |b vie |
| 041 | # | # | |a eng |
| 044 | # | # | |a uk |
| 082 | # | # | |a 428.3 |b NA-B |
| 100 | # | # | |a Naterop, B. Jean. |
| 245 | # | # | |a Telephoning in English / |c B. Jean Naterop, Rod Revell. |
| 250 | # | # | |a 3rd ed. |
| 260 | # | # | |a Cambridge : |b Cambridge University Press, |c 2004. |
| 300 | # | # | |a 135 p. : |b ill ; |c 25 cm. |
| 650 | # | # | |a English language |x Textbooks for foreign speakers. |
| 650 | # | # | |x Spoken English. |
| 700 | # | # | |a Revell, Rod. |
| 923 | # | # | |a 05/2016 |
| 991 | # | # | |a SH |
| 992 | # | # | |a 668000 |
| 993 | # | # | |a 2004 |
| 994 | # | # | |a DLU |
| 900 | # | # | |a True |
| 911 | # | # | |a Nguyễn Thanh Hương |
| 925 | # | # | |a G |
| 926 | # | # | |a A |
| 927 | # | # | |a SH |
| 980 | # | # | |a Thư viện Trường Đại học Đà Lạt |


